Statistics for Avatar: The Last Airbender Character Quiz

Click here to take the quiz!

General Stats

  • This quiz has been taken 95 times
  • The average score is 30 of 55

Answer Stats

HintAnswer% Correct
bald kidaang
100%
hair loopieskatara
98%
meat and sarcasm guysokka
98%
blindtoph
98%
he needs to restore his honorzuko
98%
loves teairoh
95%
fluffy snot monsterappa
91%
sighs a lot/gf of #4mai
89%
slipping, can't explain itazula
88%
meat and sarcasm guy's gfsuki
88%
flying ratmomo
87%
literally scarred his childozai
87%
her aura has never been pinkerty lee
87%
crazy old earthbending kingbumi
85%
the moonyue
82%
emo kid who chews on wheatjet
76%
died fighting a volcanoroku
76%
steals faceskoh
72%
avatar with the biggest feetkyoshi
71%
gaang keeps destroying his products :(cabbage merchant
63%
"almost perfect"lo
60%
sexist old man (got better)pakku
57%
started the warsozin
57%
crazy old lady that kidnaps peoplehama
56%
anger issues and sideburnszhao
54%
sparky sparky boom mancombustion man
52%
the rock ???the boulder
51%
dilfhakoda
50%
she's a GIRLsmellerbee
50%
old lady who ghosted sexist man
and then moved away
gran gran
49%
big, despite namepipsqueak
49%
"one hair out of place"li
48%
silent archerlongshot
48%
taught bald kidmonk gyatso
45%
"there is no war in ba sing se :D"joo dee
41%
hair loopies's first side hoeharu
40%
little, despite namethe duke
39%
hair loopies stole her identitypainted lady
38%
sword teacherpiandao
38%
bearbosco
37%
pet of the above (not a bunny)flopsy
37%
hates being a firebenderjeong jeong
37%
panda ?heibai
33%
fluffy snot monster bit him!long feng
32%
other fishla
28%
all one person, but also brothersdock/shoe/bushi
27%
dragon of the abovefang
26%
told bald kid to stop thinking about hair loopiesguru pathik
24%
big fighter and friends with the rockhippo
23%
fishtui
23%
moved into the Northern Air Templethe mechanist
20%
SECRET TUNNELLLLLLLchong <3
17%
big birdwan shi tong
16%
witnessed the meat and sarcasm guy
become the veggies and straight talk fella
foo foo cuddlypoops
11%
tried to escape prison (didn't :( )chit sang
9%

Score Distribution

Percentile by Number Answered

Percent of People with Each Score

Your Score History

You have not taken this quiz